إحفظ أولادك من الأخطار / (Record no. 33305)

MARC details
000 -LEADER
fixed length control field 00544nam a22001817a 4500
005 - DATE AND TIME OF LATEST TRANSACTION
control field 20251108165849.0
008 - FIXED-LENGTH DATA ELEMENTS--GENERAL INFORMATION
fixed length control field 250721s9999 xx 000 0 ara d
082 14 - DEWEY DECIMAL CLASSIFICATION NUMBER
Classification number ط/649.1/ماه
100 1# - MAIN ENTRY--PERSONAL NAME
Personal name صبري، ماهر إسماعيل
245 10 - TITLE STATEMENT
Title إحفظ أولادك من الأخطار /
264 1# - PRODUCTION, PUBLICATION, DISTRIBUTION, MANUFACTURE, AND COPYRIGHT NOTICE
Place of production, publication, distribution, manufacture القاهره :
Name of producer, publisher, distributor, manufacturer شركة سفير،
Date of production, publication, distribution, manufacture, or copyright notice [19-].
300 ## - PHYSICAL DESCRIPTION
Extent 144ص
490 0# - SERIES STATEMENT
Series statement أبنائنا : سلسلة سفير التربويه ؛14
650 17 - SUBJECT ADDED ENTRY--TOPICAL TERM
Topical term or geographic name as entry element الأطفال
650 17 - SUBJECT ADDED ENTRY--TOPICAL TERM
Topical term or geographic name as entry element الصحه
942 ## - ADDED ENTRY ELEMENTS (KOHA)
Source of classification or shelving scheme Dewey Decimal Classification
Koha item type Books
Holdings
حالة السحب حالة الفقدان مصدر التصنيف حالة التلف غير قابل للإعارة المكتبة الرئيسية المكتبة الحالية موقع الرف تاريخ التزويد الرقم المتسلسل Total Checkouts رقم الإستدعاء الباركود تاريخ آخر ظهور تاريخ الفاتورة نوع المادة (كوها)
    Dewey Decimal Classification     المكتبة المركزية المكتبة المركزية الأطفال 06/07/2004 230409   ط/649.1/ماه 230409 28/07/2025 06/07/2004 Books
    Dewey Decimal Classification     مكتبة صويلح العامة مكتبة صويلح العامة الأطفال 08/07/2019 388135   ط/649.1/ماه PLD00456740 28/07/2025 08/07/2019 Books
Implemented & Customized by: BBB with SCIT (Smart Chains for Information Technology)

Powered by Koha